<?xml version="1.0" encoding="UTF-8"?>
<record
    xmlns:xsi="http://www.w3.org/2001/XMLSchema-instance"
    xsi:schemaLocation="http://www.loc.gov/MARC21/slim http://www.loc.gov/standards/marcxml/schema/MARC21slim.xsd"
    xmlns="http://www.loc.gov/MARC21/slim">

  <leader>00695nam a2200229Ia 4500</leader>
  <controlfield tag="003">IN-BaIIA</controlfield>
  <controlfield tag="008">211028s9999    xx            000 0 eng d</controlfield>
  <datafield tag="020" ind1=" " ind2=" ">
    <subfield code="a">0-7923-3487-6</subfield>
  </datafield>
  <datafield tag="040" ind1=" " ind2=" ">
    <subfield code="c">IIA Library</subfield>
  </datafield>
  <datafield tag="080" ind1=" " ind2=" ">
    <subfield code="a">52(082.1)</subfield>
    <subfield code="b">ASS-201</subfield>
  </datafield>
  <datafield tag="100" ind1=" " ind2=" ">
    <subfield code="a">Vladimirov, S. V</subfield>
    <subfield code="9">19742</subfield>
  </datafield>
  <datafield tag="245" ind1=" " ind2="0">
    <subfield code="a">Modulational interactions in plasmas</subfield>
    <subfield code="c">S. V Vladimirov..[et.al]                                           </subfield>
  </datafield>
  <datafield tag="260" ind1=" " ind2=" ">
    <subfield code="a">Dordrecht</subfield>
    <subfield code="b">Kluwer Academic</subfield>
    <subfield code="c">1995</subfield>
  </datafield>
  <datafield tag="300" ind1=" " ind2=" ">
    <subfield code="a">539p.</subfield>
  </datafield>
  <datafield tag="650" ind1=" " ind2=" ">
    <subfield code="a">Ionized gases</subfield>
    <subfield code="9">1896</subfield>
  </datafield>
  <datafield tag="650" ind1=" " ind2=" ">
    <subfield code="a">Nonlinear theories</subfield>
    <subfield code="9">19743</subfield>
  </datafield>
  <datafield tag="650" ind1=" " ind2=" ">
    <subfield code="a">Plasma</subfield>
    <subfield code="9">19744</subfield>
  </datafield>
  <datafield tag="650" ind1=" " ind2=" ">
    <subfield code="a">Plasma dynamics</subfield>
    <subfield code="9">3789</subfield>
  </datafield>
  <datafield tag="700" ind1=" " ind2=" ">
    <subfield code="a">Popel, S. I.</subfield>
    <subfield code="9">19745</subfield>
  </datafield>
  <datafield tag="700" ind1=" " ind2=" ">
    <subfield code="a">Tsytovich, V. N.</subfield>
    <subfield code="9">9486</subfield>
  </datafield>
  <datafield tag="942" ind1=" " ind2=" ">
    <subfield code="c">BK</subfield>
  </datafield>
  <datafield tag="999" ind1=" " ind2=" ">
    <subfield code="c">11459</subfield>
    <subfield code="d">11459</subfield>
  </datafield>
  <datafield tag="952" ind1=" " ind2=" ">
    <subfield code="0">0</subfield>
    <subfield code="1">0</subfield>
    <subfield code="4">0</subfield>
    <subfield code="7">0</subfield>
    <subfield code="a">BAN</subfield>
    <subfield code="b">BAN</subfield>
    <subfield code="c">GEN</subfield>
    <subfield code="d">1995-09-28</subfield>
    <subfield code="g">6902.00</subfield>
    <subfield code="l">0</subfield>
    <subfield code="o">52(082.1)/ ASS-201</subfield>
    <subfield code="p">12374</subfield>
    <subfield code="r">2021-11-05</subfield>
    <subfield code="v">6902.00</subfield>
    <subfield code="w">1995-09-28</subfield>
    <subfield code="y">BK</subfield>
    <subfield code="G">Rs. 6902.00</subfield>
  </datafield>
</record>
